El mejor amigo del mundo / (Record no. 124934)

MARC details
000 -CABECERA
campo de control de longitud fija 00648nam a2200205 u 4500
005 - FECHA Y HORA DE LA ÚLTIMA TRANSACCIÓN
campo de control 20240228063908.0
008 - ELEMENTOS DE LONGITUD FIJA--INFORMACIÓN GENERAL
campo de control de longitud fija 071010s2006 mx r 000 0 spa d
020 ## - NÚMERO INTERNACIONAL NORMALIZADO PARA LIBROS
Número Internacional Estándar del Libro 8484702375
035 ## - NÚMERO DE CONTROL DEL SISTEMA
Número de control de sistema UPN01000152811
049 ## - COLECCIÓN
Colección I
050 #4 - SIGNATURA TOPOGRÁFICA DE LA BIBLIOTECA DEL CONGRESO
Número de clasificación PZ76.3
Número de documento/Ítem N6.5
100 1# - ASIENTO PRINCIPAL--NOMBRE PERSONAL
Nombre de persona Norac, Carl,
Fechas asociadas al nombre 1960-
9 (RLIN) 29718
245 13 - MENCIÓN DE TÍTULO
Título El mejor amigo del mundo /
Mención de responsabilidad, etc. Texto de Carl Norac ; il. de Claude K. Dubois.
260 ## - PUBLICACIÓN, DISTRIBUCIÓN, ETC.
Lugar de publicación, distribución, etc. Barcelona, [Esp.] :
Nombre del editor, distribuidor, etc. Corimbo,
Fecha de publicación, distribución, etc. 2006.
300 ## - DESCRIPCIÓN FÍSICA
Extensión [22] p. :
Otras características físicas principalmente il. col.
650 #0 - ASIENTO SECUNDARIO DE MATERIA - TERMINO TEMATICO
Término de materia o nombre geográfico como elemento de entrada Animales
Subdivisión de forma Cuentos y leyendas
9 (RLIN) 234
650 #4 - ASIENTO SECUNDARIO DE MATERIA - TERMINO TEMATICO
Término de materia o nombre geográfico como elemento de entrada Libros y lectura para niños
9 (RLIN) 2290
700 1# - ASIENTO SECUNDARIO--NOMBRE DE PERSONAL
Nombre de persona Dubois, Claude K.,
Término indicativo de función/relación il.
905 ## - TIPO DE MATERIAL
Tipo de material Infantil
Holdings
Estado de retiro Estado de pérdida Fuente del sistema de clasificación o colocación Estado dañado No para préstamo Código de colección Localización permanente Ubicación/localización actual Ubicación en estantería Fecha de adquisición Total de préstamos Clasificación Código de barras Fecha visto por última vez Número de copia Tipo de ítem Koha
    Library of Congress Classification     Infantil Bib. Gregorio Torres Quintero Bib. Gregorio Torres Quintero Sala infantil Planta baja 10/05/2023 13 PZ76.3 N6.5 258994 31/12/2020 1 Libro
    Library of Congress Classification     Infantil Bib. Gregorio Torres Quintero Bib. Gregorio Torres Quintero Sala infantil Planta baja 10/05/2023 4 PZ76.3 N6.5 311515 31/12/2020 1 Libro
    Library of Congress Classification     Infantil Bib. Gregorio Torres Quintero Bib. Gregorio Torres Quintero Sala infantil Planta baja 10/05/2023 7 PZ76.3 N6.5 255004 31/12/2020 1 Libro